[Event "Rheinland Pfalz Seniors op 21st"]
[Site "Altenkirchen"]
[Date "2024.09.08"]
[Round "6"]
[White "Paus, Franz"]
[Black "Leimkuehler, Dirk"]
[Result "1-0"]
[WhiteElo "1968"]
[BlackElo "1830"]
[PlyCount "47"]
[EventDate "2024.09.03"]
[EventType "swiss"]
[EventRounds "9"]
[EventCountry "GER"]
[SourceTitle "EXT 2025"]
[Source "ChessBase"]
[SourceDate "2024.10.14"]
[SourceVersion "1"]
[SourceVersionDate "2024.10.14"]
[SourceQuality "1"]

1. d4 f5 2. c4 Nf6 3. Nc3 g6 4. g3 Bg7 5. Bg2 Nc6 6. Nf3 d6 7. d5 Ne5 8. Nxe5 dxe5 9. Bg5 0-0 10. Qd2 e4 11. Bh6 e6 12. Bxg7 Kxg7 13. Qd4 exd5 14. Rd1 Be6 15. cxd5 Bf7 16. 0-0 a6 17. f3 exf3 18. Bxf3 Kg8 19. e4 fxe4 20. Bxe4 Nd7 21. Bg2 Rb8 22. Bh3 Qe7 23. Bxd7 Qxd7 24. Ne4 1-0

[Event "Rheinland Pfalz Seniors op 21st"]
[Site "Altenkirchen"]
[Date "2024.09.07"]
[Round "5"]
[White "Buchaeckert, Juergen"]
[Black "Paus, Franz"]
[Result "1/2-1/2"]
[WhiteElo "1910"]
[BlackElo "1968"]
[PlyCount "20"]
[EventDate "2024.09.03"]
[EventType "swiss"]
[EventRounds "9"]
[EventCountry "GER"]
[SourceTitle "EXT 2025"]
[Source "ChessBase"]
[SourceDate "2024.10.14"]
[SourceVersion "1"]
[SourceVersionDate "2024.10.14"]
[SourceQuality "1"]

1. e4 c5 2. b4 d6 3. bxc5 dxc5 4. Nf3 Nc6 5. Bb5 Bd7 6. 0-0 a6 7. Bxc6 Bxc6 8. d3 e6 9. Nbd2 Be7 10. Bb2 Nf6 1/2-1/2

[Event "Rheinland Pfalz Seniors op 21st"]
[Site "Altenkirchen"]
[Date "2024.09.04"]
[Round "2"]
[White "Paus, Franz"]
[Black "Meyer, Armin"]
[Result "0-1"]
[WhiteElo "1968"]
[BlackElo "2195"]
[PlyCount "150"]
[EventDate "2024.09.03"]
[EventType "swiss"]
[EventRounds "9"]
[EventCountry "GER"]
[SourceTitle "EXT 2025"]
[Source "ChessBase"]
[SourceDate "2024.10.14"]
[SourceVersion "1"]
[SourceVersionDate "2024.10.14"]
[SourceQuality "1"]

1. d4 d6 2. c4 e5 3. dxe5 dxe5 4. Qxd8+ Kxd8 5. a3 Be6 6. e4 Nf6 7. Bg5 h6 8. Bxf6+ gxf6 9. Nc3 c6 10. Nf3 a5 11. Be2 Nd7 12. 0-0 a4 13. Rac1 Bc5 14. Rfd1 Ke7 15. h3 Rhg8 16. Kf1 Bb6 17. Nh4 Bd4 18. Nf3 Bxc3 19. Rxc3 Nc5 20. Re3 Rad8 21. Rxd8 Rxd8 22. Ke1 Nb3 23. Rc3 Rg8 24. Bf1 Rd8 25. Be2 Rd7 26. h4 Kd6 27. Bd1 Nc5 28. Bc2 Kc7 29. Nd2 Rd4 30. Ke2 Bg4+ 31. Ke3 Bc8 32. Nf3 Rd8 33. Ne1 Rd4 34. Nf3 Rd6 35. Ne1 Be6 36. Nd3 Nxd3 37. Bxd3 c5 38. Bc2 Rb6 39. Bxa4 Rxb2 40. Bc2 Bd7 41. g3 Rb6 42. Rd3 Ra6 43. Rc3 Rd6 44. Bd3 Rd4 45. f3 Be6 46. g4 Rd8 47. h5 Ra8 48. Kd2 Rd8 49. Ke3 Rd4 50. Ke2 Bd7 51. Rc1 Ba4 52. Rc3 Kc6 53. Ke3 b5 54. cxb5+ Bxb5 55. Bc2 Kb6 56. Bb3 c4 57. Bc2 Kc5 58. Ke2 Rd7 59. Ke3 Rd8 60. Bb3 Ra8 61. Bc2 Ra7 62. Bd3 Ra8 63. Be2 Rd8 64. Rc2 Rd7 65. Rc3 Rd4 66. Rc1 Ba4 67. Rc3 Bb3 68. Rc1 Kb5 69. Ra1 Ka4 70. Bf1 Bc2 71. Be2 Kb3 72. Rg1 c3 73. a4 Rxa4 74. Bd1 Bxd1 75. Rxd1 c2 0-1

[Event "Rheinland Pfalz Seniors op 20th"]
[Site "Altenkirchen"]
[Date "2023.09.07"]
[Round "3"]
[White "Paus, Franz"]
[Black "Schmidt, Matthias1"]
[Result "1/2-1/2"]
[WhiteElo "1993"]
[BlackElo "1838"]
[PlyCount "89"]
[EventDate "2023.09.05"]
[EventType "swiss"]
[EventRounds "9"]
[EventCountry "GER"]
[SourceTitle "CBM 216 Extra"]
[Source "ChessBase"]
[SourceDate "2023.11.30"]
[SourceVersion "1"]
[SourceVersionDate "2023.11.30"]
[SourceQuality "1"]

1. d4 Nf6 2. Nf3 e6 3. c4 d5 4. Nc3 Be7 5. Bf4 0-0 6. e3 b6 7. Qc2 c5 8. cxd5 exd5 9. Rd1 Bb7 10. h3 Nc6 11. Be2 Rc8 12. 0-0 Re8 13. a3 h6 14. Bd3 cxd4 15. exd4 Bd6 16. Bxd6 Qxd6 17. Bf5 Rcd8 18. Rfe1 Qf4 19. Ne2 Qd6 20. Ng3 Qf4 21. Ne2 Qd6 22. b4 Ne4 23. Nc3 Nxc3 24. Qxc3 g6 25. Bd3 Re7 26. Rxe7 Nxe7 27. Qd2 Kg7 28. Re1 Ng8 29. Ne5 Re8 30. Re3 Re6 31. Rg3 Rf6 32. h4 Bc8 33. Qc2 Be6 34. h5 g5 35. Qd2 Kf8 36. Qe3 Rf4 37. Rf3 Rxf3 38. Qxf3 Kg7 39. Bf5 Bxf5 40. Qxf5 Nf6 41. g4 Qc7 42. Qd3 Qc1+ 43. Kg2 Ne4 44. Qf3 Nf6 45. Qe3 1/2-1/2

[Event "Rheinland Pfalz Seniors op 20th"]
[Site "Altenkirchen"]
[Date "2023.09.06"]
[Round "2"]
[White "Hansult, Manfred"]
[Black "Paus, Franz"]
[Result "1/2-1/2"]
[WhiteElo "1786"]
[BlackElo "1993"]
[PlyCount "127"]
[EventDate "2023.09.05"]
[EventType "swiss"]
[EventRounds "9"]
[EventCountry "GER"]
[SourceTitle "CBM 216 Extra"]
[Source "ChessBase"]
[SourceDate "2023.11.30"]
[SourceVersion "1"]
[SourceVersionDate "2023.11.30"]
[SourceQuality "1"]

1. d4 Nf6 2. Nf3 b6 3. e3 Bb7 4. c4 g6 5. Nc3 Bg7 6. Be2 0-0 7. 0-0 d6 8. Qc2 Nbd7 9. b3 e5 10. dxe5 Nxe5 11. Nxe5 dxe5 12. e4 c6 13. Be3 Qe7 14. Rfd1 Rad8 15. Rxd8 Rxd8 16. Rd1 Bc8 17. Rxd8+ Qxd8 18. h3 Be6 19. Qd1 Qxd1+ 20. Bxd1 Nd7 21. f3 Bf8 22. Kf1 Bb4 23. Ne2 Bc5 24. Bxc5 Nxc5 25. Bc2 a5 26. Kf2 Kf8 27. Ke3 g5 28. g4 Ke7 29. Kd2 Bd7 30. Kc3 Ne6 31. a3 c5 32. a4 Nd4 33. Nxd4 cxd4+ 34. Kb2 Kd6 35. Bd3 Kc5 36. Ka2 Kb4 37. Kb2 f6 38. Be2 h6 39. Bd3 Be8 40. Be2 h5 41. Bd3 hxg4 42. hxg4 Bxa4 43. bxa4 Kxa4 44. Bb1 Kb4 45. Bd3 a4 46. Bf1 a3+ 47. Ka2 Kc3 48. Kxa3 d3 49. Bxd3 Kxd3 50. Kb4 Kd4 51. Kb5 Kc3 52. Kxb6 Kxc4 53. Kc6 Kd4 54. Kd6 Ke3 55. Ke6 Kxf3 56. Kf5 Ke3 57. Kxf6 Kxe4 58. Kxg5 Kd3 59. Kf6 e4 60. g5 e3 61. g6 e2 62. g7 e1Q 63. g8Q Qf2+ 64. Kg7 1/2-1/2

[Event "Altenkirchen Seniors op 19th"]
[Site "Altenkirchen"]
[Date "2022.07.22"]
[Round "4"]
[White "Paus, Franz"]
[Black "Mueller, Norbert2"]
[Result "1/2-1/2"]
[WhiteElo "2022"]
[BlackElo "1870"]
[PlyCount "81"]
[EventDate "2022.07.19"]
[EventType "swiss"]
[EventRounds "9"]
[EventCountry "GER"]
[SourceTitle "CBM 209 Extra"]
[Source "ChessBase"]
[SourceDate "2022.09.30"]
[SourceVersion "1"]
[SourceVersionDate "2022.09.30"]
[SourceQuality "1"]

1. d4 f5 2. g3 Nf6 3. Bg2 e6 4. c4 Be7 5. Nh3 0-0 6. 0-0 d5 7. Nd2 c6 8. b3 a5 9. Bb2 Na6 10. a3 Qe8 11. f3 h6 12. e4 g5 13. e5 Nh7 14. f4 Bd7 15. Rc1 Qg6 16. Kh1 Kh8 17. Qe2 Rg8 18. Nb1 Rg7 19. c5 g4 20. Nf2 h5 21. Kg1 h4 22. Rfd1 hxg3 23. hxg3 Kg8 24. Nd3 Kf7 25. Kf2 Rh8 26. Rh1 Rgg8 27. Rh2 Nf8 28. Rch1 Qg7 29. Qe1 Ng6 30. Ke2 Rxh2 31. Rxh2 Rh8 32. Qh1 Rxh2 33. Qxh2 Bd8 34. Nd2 Kg8 35. Bc3 b6 36. b4 axb4 37. axb4 b5 38. Qh1 Nc7 39. Qa1 Qe7 40. Qa7 Ne8 41. Nf1 1/2-1/2

[Event "Altenkirchen Seniors op 19th"]
[Site "Altenkirchen"]
[Date "2022.07.20"]
[Round "2"]
[White "Paus, Franz"]
[Black "Zens, Rolf"]
[Result "1/2-1/2"]
[WhiteElo "2022"]
[BlackElo "1884"]
[PlyCount "49"]
[EventDate "2022.07.19"]
[EventType "swiss"]
[EventRounds "9"]
[EventCountry "GER"]
[SourceTitle "CBM 209 Extra"]
[Source "ChessBase"]
[SourceDate "2022.09.30"]
[SourceVersion "1"]
[SourceVersionDate "2022.09.30"]
[SourceQuality "1"]

1. d4 Nf6 2. Nf3 e6 3. c4 d5 4. Bg5 Be7 5. Nc3 h6 6. Bh4 b6 7. cxd5 exd5 8. e3 0-0 9. Bd3 a5 10. Ne5 Bb7 11. 0-0 Nbd7 12. f4 Ne4 13. Bxe7 Qxe7 14. Qe2 c5 15. Rad1 cxd4 16. exd4 Nd6 17. Qf3 Nf6 18. Nb5 Nxb5 19. Bxb5 Qb4 20. Qe2 Rac8 21. a3 Qd6 22. Bd3 Rc7 23. Rc1 Rfc8 24. Rxc7 Rxc7 25. Qe3 1/2-1/2

[Event "MVP-ch Seniors op 19th"]
[Site "Ostseebad Binz"]
[Date "2019.12.03"]
[Round "7"]
[White "Pamperin, Gerhard"]
[Black "Paus, Franz"]
[Result "1/2-1/2"]
[WhiteElo "1930"]
[BlackElo "2022"]
[PlyCount "22"]
[EventDate "2019.11.27"]
[EventType "swiss"]
[EventRounds "9"]
[EventCountry "GER"]
[SourceTitle "EXT 2021"]
[Source "ChessBase"]
[SourceDate "2020.10.23"]
[SourceVersion "1"]
[SourceVersionDate "2020.10.23"]
[SourceQuality "1"]

1. d4 g6 2. c4 Bg7 3. e4 c5 4. Nf3 cxd4 5. Nxd4 Nc6 6. Nxc6 bxc6 7. Qc2 d6 8. Nc3 Nf6 9. Be2 0-0 10. 0-0 Be6 11. Bd2 Rb8 1/2-1/2

[Event "RLP Seniors op 17th"]
[Site "Neustadt an der Weinstrasse"]
[Date "2019.07.24"]
[Round "5"]
[White "Paus, Franz"]
[Black "Haertner, Helmut"]
[Result "1/2-1/2"]
[WhiteElo "2090"]
[BlackElo "1911"]
[PlyCount "23"]
[EventDate "2019.07.20"]
[EventType "swiss"]
[EventRounds "9"]
[EventCountry "GER"]
[SourceTitle "CBM 192 Extra"]
[Source "Chessbase"]
[SourceDate "2019.11.06"]
[SourceVersion "1"]
[SourceVersionDate "2019.11.06"]
[SourceQuality "1"]

1. d4 d5 2. Nf3 Nf6 3. g3 c6 4. Bg2 Bg4 5. 0-0 Qc8 6. Ne5 Bh3 7. Nd2 Bxg2 8. Kxg2 Nbd7 9. Ndf3 Ne4 10. Nxd7 Qxd7 11. Ne5 Qf5 12. f3 1/2-1/2

[Event "RLP Seniors op 17th"]
[Site "Neustadt an der Weinstrasse"]
[Date "2019.07.23"]
[Round "4"]
[White "Cleve Prinz, Wolfgang"]
[Black "Paus, Franz"]
[Result "1/2-1/2"]
[WhiteElo "1957"]
[BlackElo "2090"]
[PlyCount "24"]
[EventDate "2019.07.20"]
[EventType "swiss"]
[EventRounds "9"]
[EventCountry "GER"]
[SourceTitle "CBM 192 Extra"]
[Source "Chessbase"]
[SourceDate "2019.11.06"]
[SourceVersion "1"]
[SourceVersionDate "2019.11.06"]
[SourceQuality "1"]

1. Nf3 Nf6 2. c4 c5 3. d4 cxd4 4. Nxd4 Nc6 5. Nc3 g6 6. e4 d6 7. Be2 Bd7 8. Be3 Bg7 9. 0-0 0-0 10. f3 Nxd4 11. Bxd4 Bc6 12. Qd2 Re8 1/2-1/2

[Event "RLP Seniors op 17th"]
[Site "Neustadt an der Weinstrasse"]
[Date "2019.07.21"]
[Round "2"]
[White "Zoll, Detlef"]
[Black "Paus, Franz"]
[Result "1/2-1/2"]
[WhiteElo "1920"]
[BlackElo "2090"]
[PlyCount "22"]
[EventDate "2019.07.20"]
[EventType "swiss"]
[EventRounds "9"]
[EventCountry "GER"]
[SourceTitle "CBM 192 Extra"]
[Source "Chessbase"]
[SourceDate "2019.11.06"]
[SourceVersion "1"]
[SourceVersionDate "2019.11.06"]
[SourceQuality "1"]

1. d4 d5 2. Nf3 Nf6 3. e3 g6 4. Be2 Bg7 5. 0-0 0-0 6. c4 c6 7. Nbd2 Nbd7 8. b3 Ne4 9. Bb2 Ndf6 10. Nxe4 Nxe4 11. Nd2 Nxd2 1/2-1/2

[Event "GER-ch Seniors 65 31st"]
[Site "Radebeul"]
[Date "2019.05.02"]
[Round "7"]
[White "Schmidt, Gerhard3"]
[Black "Paus, Franz"]
[Result "1-0"]
[WhiteElo "2172"]
[BlackElo "2041"]
[PlyCount "103"]
[EventDate "2019.04.26"]
[EventType "swiss"]
[EventRounds "9"]
[EventCountry "GER"]
[SourceTitle "CBM 190 Extra"]
[Source "ChessBase"]
[SourceDate "2019.07.15"]
[SourceVersion "1"]
[SourceVersionDate "2019.07.15"]
[SourceQuality "1"]

1. d4 c5 2. dxc5 e6 3. e4 Bxc5 4. Bd3 Nf6 5. Nc3 Nc6 6. Nf3 d5 7. exd5 Nxd5 8. Nxd5 Qxd5 9. 0-0 Nb4 10. Bb5+ Bd7 11. Bxd7+ Qxd7 12. Qe2 0-0 13. a3 Nc6 14. Rd1 Qe7 15. b4 Bb6 16. c4 Rad8 17. Bb2 f6 18. Rxd8 Rxd8 19. Rd1 Rxd1+ 20. Qxd1 Qd8 21. Qxd8+ Bxd8 22. Kf1 Kf7 23. Ke2 Ke7 24. Bc3 g6 25. g4 g5 26. Kd3 Bc7 27. h3 Bf4 28. b5 Nb8 29. c5 h6 30. Kc4 a6 31. a4 axb5+ 32. Kxb5 Bc7 33. Ba5 Bf4 34. Nd4 Kd7 35. Bc3 Bc7 36. Nb3 Bd8 37. Nd4 Bc7 38. Nb3 Bd8 39. Ba5 Be7 40. Nd4 Nc6 41. Nxc6 bxc6+ 42. Kc4 Kc8 43. f3 Kb7 44. Be1 Ka6 45. Kb4 Bd8 46. Bg3 Ba5+ 47. Kc4 Bd2 48. Bd6 Ka5 49. Bf8 Kxa4 50. Bxh6 Bc1 51. h4 gxh4 52. Bxc1 1-0

[Event "GER-ch Seniors 65 31st"]
[Site "Radebeul"]
[Date "2019.04.30"]
[Round "5"]
[White "Herbrechtsmeier, Christof"]
[Black "Paus, Franz"]
[Result "1/2-1/2"]
[WhiteElo "2204"]
[BlackElo "2041"]
[PlyCount "62"]
[EventDate "2019.04.26"]
[EventType "swiss"]
[EventRounds "9"]
[EventCountry "GER"]
[SourceTitle "CBM 190 Extra"]
[Source "ChessBase"]
[SourceDate "2019.07.15"]
[SourceVersion "1"]
[SourceVersionDate "2019.07.15"]
[SourceQuality "1"]

1. e4 Nf6 2. Nc3 d5 3. e5 d4 4. exf6 dxc3 5. fxg7 cxd2+ 6. Qxd2 Bxg7 7. Qg5 Bf6 8. Qh5 Qd4 9. c3 Qe5+ 10. Qxe5 Bxe5 11. Nf3 Bf6 12. Bf4 c6 13. Bc4 Bf5 14. Ne5 Bxe5 15. Bxe5 f6 16. Bd4 Nd7 17. 0-0-0 b5 18. Be2 Be4 19. Rhe1 Bd5 20. b3 e5 21. Bg4 Ke7 22. Bxd7 Kxd7 23. c4 bxc4 24. bxc4 exd4 25. Rxd4 Kd6 26. cxd5 cxd5 27. Ra4 a5 28. Re3 Rhc8+ 29. Kd2 Rc5 30. Rc3 Rac8 31. Rxc5 Rxc5 1/2-1/2

[Event "GER-ch Seniors 65"]
[Site "Hamburg"]
[Date "2018.07.29"]
[Round "9"]
[White "Bondick, Karl Heinz"]
[Black "Paus, Franz"]
[Result "1/2-1/2"]
[WhiteElo "1967"]
[BlackElo "2095"]
[PlyCount "21"]
[EventDate "2018.07.21"]
[EventType "swiss"]
[EventRounds "9"]
[EventCountry "GER"]
[SourceTitle "CBM 186 Extra"]
[Source "ChessBase"]
[SourceDate "2018.08.24"]
[SourceVersion "1"]
[SourceVersionDate "2018.08.24"]
[SourceQuality "1"]

1. d4 e6 2. e4 c5 3. c3 cxd4 4. cxd4 d5 5. exd5 Qxd5 6. Nf3 Nf6 7. Bd3 Nc6 8. Nc3 Qd8 9. 0-0 Be7 10. h3 h6 11. Be3 1/2-1/2

[Event "Rheinland Pfalz op Seniors 16th"]
[Site "Neustadt an der Weinstrasse"]
[Date "2018.07.12"]
[Round "6"]
[White "Paus, Franz"]
[Black "Bohne, Lutz"]
[Result "1/2-1/2"]
[WhiteElo "2095"]
[BlackElo "1848"]
[PlyCount "110"]
[EventDate "2018.07.07"]
[EventType "swiss"]
[EventRounds "9"]
[EventCountry "GER"]
[SourceTitle "EXT 2019"]
[Source "ChessBase"]
[SourceDate "2018.10.10"]
[SourceVersion "1"]
[SourceVersionDate "2018.10.10"]
[SourceQuality "1"]

1. d4 d5 2. g3 Nf6 3. Bg2 e6 4. Nf3 Be7 5. 0-0 0-0 6. Bg5 Nbd7 7. Nbd2 b6 8. c4 Bb7 9. Re1 Re8 10. Rc1 c5 11. e3 h6 12. Bxf6 Bxf6 13. e4 dxe4 14. Nxe4 Bxe4 15. Rxe4 Rc8 16. Re2 cxd4 17. Nxd4 Bxd4 18. Qxd4 Nf6 19. Qe3 Re7 20. Rd2 Rd7 21. Rxd7 Qxd7 22. Qe2 Rd8 23. Bf3 Kf8 24. Qe3 Qe7 25. a3 Qc5 26. Qc3 a5 27. b4 axb4 28. axb4 Qc7 29. Ra1 Rc8 30. Rc1 Rd8 31. Qa3 Kg8 32. c5 bxc5 33. bxc5 Nd5 34. Rd1 Qc6 35. Qa5 Rc8 36. Rc1 Ra8 37. Qb6 Qxb6 38. cxb6 Rb8 39. Bxd5 exd5 40. Rb1 Kf8 41. Kf1 Ke7 42. Ke2 Kd6 43. Kd3 Kc6 44. Kd4 Rxb6 45. Rxb6+ Kxb6 46. Kxd5 Kc7 47. h4 h5 48. Ke5 Kd7 49. Kf5 Ke7 50. Kg5 g6 51. f4 Ke6 52. f5+ gxf5 53. Kxh5 f4 54. gxf4 Kf5 55. Kh6 Kxf4 1/2-1/2

[Event "Rheinland Pfalz op Seniors 16th"]
[Site "Neustadt an der Weinstrasse"]
[Date "2018.07.10"]
[Round "4"]
[White "Bauder, Herbert"]
[Black "Paus, Franz"]
[Result "0-1"]
[WhiteElo "1879"]
[BlackElo "2095"]
[PlyCount "114"]
[EventDate "2018.07.07"]
[EventType "swiss"]
[EventRounds "9"]
[EventCountry "GER"]
[SourceTitle "EXT 2019"]
[Source "ChessBase"]
[SourceDate "2018.10.10"]
[SourceVersion "1"]
[SourceVersionDate "2018.10.10"]
[SourceQuality "1"]

1. d4 Nf6 2. Nf3 c5 3. d5 d6 4. c4 b5 5. cxb5 a6 6. e3 g6 7. Nc3 Bg7 8. Be2 0-0 9. 0-0 Nbd7 10. a4 axb5 11. Bxb5 Ba6 12. Bxa6 Rxa6 13. Qe2 Qb6 14. Nd2 Rfa8 15. Ra3 Ne8 16. Nc4 Qb7 17. Qd1 Qb4 18. Qe2 Nb6 19. Nxb6 Qxb6 20. Qd1 Nc7 21. Bd2 Rb8 22. b3 Bxc3 23. Bxc3 Nb5 24. Ra1 Nxc3 25. Qd3 Nxd5 26. Qxd5 Qxb3 27. Qe4 Qb7 28. Qd3 Rba8 29. Rfb1 Qd7 30. a5 Qc7 31. Qc3 Rxa5 32. Rxa5 Qxa5 33. Qb3 Qa2 34. Qb7 Qa7 35. Qe4 Rb8 36. Rxb8+ Qxb8 37. h4 Qa7 38. h5 Qa1+ 39. Kh2 Qe5+ 40. Qxe5 dxe5 41. Kg1 f5 42. Kf1 Kf7 43. Ke2 Ke6 44. hxg6 hxg6 45. Kd3 Kd5 46. f3 c4+ 47. Kd2 e4 48. f4 e5 49. g3 exf4 50. gxf4 Kc5 51. Kc3 Kb5 52. Kd4 Kb4 53. Ke5 c3 54. Kf6 c2 55. Kxg6 c1Q 56. Kxf5 Qxe3 57. Ke5 Qf3 0-1

[Event "Rheinland Pfalz op Seniors 16th"]
[Site "Neustadt an der Weinstrasse"]
[Date "2018.07.08"]
[Round "2"]
[White "Hiller, Joachim"]
[Black "Paus, Franz"]
[Result "0-1"]
[WhiteElo "1938"]
[BlackElo "2095"]
[PlyCount "154"]
[EventDate "2018.07.07"]
[EventType "swiss"]
[EventRounds "9"]
[EventCountry "GER"]
[SourceTitle "EXT 2019"]
[Source "ChessBase"]
[SourceDate "2018.10.10"]
[SourceVersion "1"]
[SourceVersionDate "2018.10.10"]
[SourceQuality "1"]

1. d4 Nf6 2. c4 g6 3. g3 Bg7 4. Bg2 0-0 5. Nc3 d6 6. Nf3 Nbd7 7. 0-0 c6 8. Bf4 Nh5 9. Be3 Re8 10. Qb3 Qb6 11. Qa3 Qd8 12. h3 Nb6 13. b3 Bd7 14. Rac1 Bf8 15. Rfd1 e6 16. Qb2 d5 17. c5 Nc8 18. b4 f6 19. g4 Ng7 20. Bf4 g5 21. Bd2 Ne7 22. a4 Ng6 23. b5 h5 24. Qc2 Kf7 25. e4 hxg4 26. hxg4 Be7 27. Rb1 Rh8 28. bxc6 Bxc6 29. exd5 exd5 30. Ne2 Qd7 31. Nc3 Qc7 32. Qb3 Rad8 33. Ne4 Nf4 34. Nc3 Qd7 35. Re1 Qxg4 36. Nh2 Qd7 37. Nf3 Nf5 38. Ne4 Kg7 39. Ng3 Nxg3 40. fxg3 Ng6 41. a5 a6 42. Qe3 Rde8 43. Qe6 Qxe6 44. Rxe6 Kf7 45. Rbe1 g4 46. Nh2 f5 47. Nf1 Bf6 48. Rxe8 Rxe8 49. Rxe8 Kxe8 50. Bc3 Ke7 51. Ne3 Ke6 52. Kf2 Ne7 53. Bf1 Bg5 54. Bd3 Ba4 55. Ke2 Bh6 56. Kf2 Bg5 57. Ke2 Bf6 58. Kf2 Bd7 59. Ke2 Bg7 60. Ng2 Bh6 61. Ne3 Kf6 62. Kf2 Be6 63. Ke2 f4 64. gxf4 Bxf4 65. Bc2 Kg5 66. Ng2 Bc7 67. Bd2+ Kf6 68. Ba4 Nf5 69. Kd3 Ng3 70. Bd1 Bf5+ 71. Ke3 Nf1+ 72. Ke2 Nxd2 73. Kxd2 Bxa5+ 74. Ke3 Kg5 75. Be2 Be4 76. c6 bxc6 77. Bxa6 Bxg2 0-1

[Event "MVP-ch Seniors op 17th"]
[Site "Binz"]
[Date "2017.12.02"]
[Round "4.9"]
[White "Paus, Franz"]
[Black "Jung, Werner"]
[Result "1/2-1/2"]
[WhiteElo "2138"]
[BlackElo "1998"]
[PlyCount "26"]
[EventDate "2017.11.29"]
[EventType "swiss"]
[EventRounds "9"]
[EventCountry "GER"]
[SourceTitle "EXT 2019"]
[Source "ChessBase"]
[SourceDate "2018.10.10"]
[SourceVersion "1"]
[SourceVersionDate "2018.10.10"]
[SourceQuality "1"]

1. d4 e6 2. Nf3 f5 3. Bg5 Be7 4. Bxe7 Qxe7 5. c3 Nf6 6. g3 b6 7. Bg2 Bb7 8. 0-0 0-0 9. Nbd2 d6 10. Qb3 Nbd7 11. Nh4 Bxg2 12. Nxg2 Kh8 13. Qc2 d5 1/2-1/2

[Event "MVP-ch Seniors op 17th"]
[Site "Binz"]
[Date "2017.11.29"]
[Round "1.12"]
[White "Mewes, Hans Dieter"]
[Black "Paus, Franz"]
[Result "1/2-1/2"]
[WhiteElo "1839"]
[BlackElo "2138"]
[PlyCount "51"]
[EventDate "2017.11.29"]
[EventType "swiss"]
[EventRounds "9"]
[EventCountry "GER"]
[SourceTitle "EXT 2019"]
[Source "ChessBase"]
[SourceDate "2018.10.10"]
[SourceVersion "1"]
[SourceVersionDate "2018.10.10"]
[SourceQuality "1"]

1. c4 c5 2. g3 g6 3. Bg2 Bg7 4. Nc3 Nc6 5. d3 Qa5 6. Bd2 Qd8 7. a3 d6 8. Nf3 Bd7 9. 0-0 a6 10. Rb1 Rb8 11. b4 cxb4 12. axb4 b5 13. cxb5 axb5 14. h3 Nf6 15. Re1 0-0 16. Kh2 Ne8 17. e3 Nc7 18. Ne2 e5 19. Bc3 Nd5 20. Bd2 Qb6 21. e4 Nde7 22. Nc3 Nd4 23. Nxd4 exd4 24. Nd5 Nxd5 25. exd5 Qd8 26. Ra1 1/2-1/2